Statistics for Most common 4-letter blocks in Country Names

Click here to take the quiz!

General Stats

  • This quiz has been taken 53 times
  • The average score is 12 of 30

Answer Stats

# _ _ _ _ % Correct
11LAND
89%
7STAN
87%
3UNIT
80%
3ITED
64%
3SOUT
62%
5ANIA
62%
3NITE
58%
5REPU
53%
5EPUB
49%
5BLIC
49%
5UBLI
49%
5PUBL
47%
3OUTH
44%
5ISTA
44%
3MALA
40%
4GUIN
40%
3SAIN
33%
3ANDS
33%
4INEA
33%
3AINT
31%
4UINE
31%
3ERIA
29%
3MBIA
24%
3KIST
20%
3ATES
18%
3NICA
18%
3RICA
13%
3ONGO
13%
3AMBI
11%
3ICAN
9%

Score Distribution

Percentile by Number Answered

Percent of People with Each Score

Your Score History

You have not taken this quiz